Exploración botánica de las islas de Barlovento : Cuba y Puerto Rico, siglo XVIII : la obra de Martín de Sessé y José Estévez /
Guardat en:
| Altres autors: | |
|---|---|
| Format: | Electrònic eBook |
| Idioma: | espanyol |
| Publicat: |
Aranjuez : [Madrid] :
Ediciones Doce Calles ; Consejo Superior de Investigaciones Cientificas,
[2000]
|
| Col·lecció: | Theatrum naturae. Serie Textos clásicos.
|
| Matèries: | |
| Accés en línia: | Digitalia Hispánica |
| Etiquetes: |
Afegir etiqueta
Sense etiquetes, Sigues el primer a etiquetar aquest registre!
|
MARC
| LEADER | 00000nam a2200000 i 4500 | ||
|---|---|---|---|
| 001 | DIGDOCEC0017 | ||
| 003 | NyNyDIG | ||
| 007 | cr ||||||||||| | ||
| 008 | 240821s2000 sp a ob 001 0 spa d | ||
| 006 | m o d | ||
| 035 | |a (OCoLC)1452947895 | ||
| 040 | |a DGITA |b eng |e rda |e pn |c DGITA | ||
| 020 | |z 9788400078577 | ||
| 020 | |z 9788489796171 | ||
| 024 | 7 | |z 179-99-095-4 |2 nipo | |
| 043 | |a nwcu--- |a nwpr--- | ||
| 050 | 1 | 4 | |a QK227 ebook |
| 245 | 0 | 0 | |a Exploración botánica de las islas de Barlovento : |b Cuba y Puerto Rico, siglo XVIII : la obra de Martín de Sessé y José Estévez / |c [edited by] Paloma Blanco Fernández de Caleya [and 4 others]. |
| 264 | 1 | |a Aranjuez : |b Ediciones Doce Calles ; |a [Madrid] : |b Consejo Superior de Investigaciones Cientificas, |c [2000] | |
| 300 | |a 1 online resource : |b illustrations. | ||
| 336 | |a text |b txt |2 rdacontent | ||
| 337 | |a computer |b c |2 rdamedia | ||
| 338 | |a online resource |b cr |2 rdacarrier | ||
| 347 | |a text file |2 rdaft | ||
| 347 | |b PDF | ||
| 490 | 1 | |a Theatrum naturae. Colección de historia natural. Serie Textos clásicos | |
| 504 | |a Includes bibliographical references and indexes. | ||
| 588 | 0 | |a Online resource; title from PDF title page (Digitalia, viewed August 21, 2024) | |
| 650 | 0 | |a Botany |z Cuba |x History |y 18th century. | |
| 650 | 0 | |a Botany |z Puerto Rico |x History |y 18th century. | |
| 650 | 0 | |a Scientific expeditions |z Cuba. | |
| 650 | 0 | |a Scientific expeditions |z Puerto Rico. | |
| 600 | 1 | 0 | |a Sessé, Martín, |d -1809. |
| 600 | 1 | 0 | |a Estévez, José, |d 1771-1841. |
| 700 | 1 | |a Blanco y Fernández de Caleya, Paloma, |e editor. | |
| 791 | 2 | |a Digitalia (Firm), |e distributor. | |
| 793 | 0 | |g Digitalia eBook Collection: |a Ediciones Doce Calles | |
| 776 | 0 | 8 | |i Print version: |t Exploración botánica de las islas de Barlovento. |d Aranjuez : Ediciones Doce Calles ; [Madrid] : Consejo Superior de Investigaciones Cientificas, [2000] |z 9788489796171 |
| 830 | 0 | |a Theatrum naturae. |p Serie Textos clásicos. | |
| 856 | 4 | 0 | |3 Digitalia Hispánica |u https://digitalia.unach.elogim.com/a/157281/ |
| 910 | |a Premium collection: 2024 | ||